000 00737nam a2200229Ia 4500
003 OSt
005 20220923212420.0
006 a|||||r|||| 00| 0
007 ta
008 220922b |||||||| |||| 00| 0 hin d
024 _a152,762
037 _cTextual
040 _aARTS
_cARTS
_bhin
041 _2hin
_ahin
082 _aO13:2C50x, 152K3
100 _aसोफोक्लीज़
245 0 _aईउीपस पाप, प्रेम और मृत्यु, अनु रांगेय राघव
246 _aĪuīpas pāpa, prem aur mṛutyu, anu0 rāangeya rāghava
260 _c1963
942 _hO13:2C50x, 152K3
_cTEXL
_2CC
999 _c308411
_d308411